Penetration mechanism and distribution gradients of sodium tripolyphosphate in peeled and deveined shrimp /

Bibliographic Details
Main Author: Tenhet, Vickie Lynn
Format: Thesis eBook
Language:English
Published: [College Station, Tex.] : Tenhet, 1979.
Subjects:
Online Access:Link to OAKTrust copy

MARC

Tag First Indicator Second Indicator Subfields
LEADER 00000cam a2200000 i 4500
001 in00000049715
005 20220103114756.0
007 cr unu a
008 800610s1979 txu b 00010 eng d
035 |9 AAF0257AM 
035 |a (OCoLC)06404904 
040 |a TXA  |c TXA  |d UtOrBLW 
049 |a TXAZ [Also in] [Archives]  |c 1 [1243390], 2 [1243391] 
099 |a 1979  |a Thesis  |a T292 
100 1 |a Tenhet, Vickie Lynn. 
245 1 0 |a Penetration mechanism and distribution gradients of sodium tripolyphosphate in peeled and deveined shrimp /  |c by Vickie Lynn Tenhet. 
264 1 |a [College Station, Tex.] :  |b Tenhet,  |c 1979. 
300 |a viii, 48 leaves :  |b graphs ;  |c 28 cm. 
336 |a text  |b txt  |2 rdacontent 
337 |a computer  |b c  |2 rdamedia 
338 |a online resource  |b cr  |2 rdacarrier 
500 |a "Major subject: Food Science and Technology." 
500 |a Vita. 
502 |b M.S.  |c Texas A&M University. 
504 |a Bibliography: leaves 39-42. 
530 |a Also available online. 
650 0 |a Phosphates. 
650 0 |a Shrimps. 
650 0 |a Sodium. 
650 4 |a Major food science and technology. 
856 4 1 |u https://hdl.handle.net/1969.1/ETD-TAMU-1979-THESIS-T292  |z Link to OAKTrust copy  |t 0 
999 |a MARS 
999 f f |s ba9fbaa8-7ae9-3dd8-b989-aa18a8211322  |i 625713cd-afe4-3602-be84-45b0ad92f4b1  |t 0 
952 f f |p noncirc  |a Texas A&M University  |b J.J. Pickle Campus  |c High Density Repository  |s HDR  |d Remote Storage  |t 0  |e 1979 Thesis T292  |h Other scheme  |i computer -- online resource  |m A14840996117 
952 f f |a Texas A&M University  |b College Station  |c Electronic Resources  |s www_evans  |d Available Online  |t 0  |e 1979 Thesis T292  |h Other scheme 
998 f f |a 1979 Thesis T292  |t 0  |l Available Online 
998 f f |a 1979 Thesis T292  |t 0  |l Remote Storage